Manual de Lectoescritura y Cálculo Básico alfbeticemos ahora Red Nacional de Alfabetización (Record no. 8440)
[ view plain ]
| 000 -LEADER | |
|---|---|
| campo de control de longitud fija | 00436nam a2200133Ia 4500 |
| 001 - NÚMERO DE CONTROL | |
| campo de control | 248 |
| 008 - DATOS DE LONGITUD FIJA--INFORMACIÓN GENERAL | |
| campo de control de longitud fija | 241024s9999 xx 000 0 und d |
| 082 ## - NÚMERO DE LA CLASIFICACIÓN DECIMAL DEWEY | |
| Número de clasificación | RD/374/R426m2008 |
| 100 ## - ENTRADA PRINCIPAL--NOMBRE DE PERSONA | |
| Nombre de persona | República Dominicana.Secretaria de Estado de Educación |
| 245 #0 - MENCIÓN DEL TÍTULO | |
| Título | Manual de Lectoescritura y Cálculo Básico alfbeticemos ahora Red Nacional de Alfabetización |
| 260 ## - PUBLICACIÓN, DISTRIBUCIÓN, ETC. | |
| Nombre del editor, distribuidor, etc. | Alfa & Omega |
| Fecha de publicación, distribución, etc. | 2008 |
| 901 ## - ELEMENTOS DE DATOS A LOCAL LDA (RLIN) | |
| a | 26/10/2010 12:31:02 p.m. |
No items available.